LEADER 00970nam0-22003371i-450- 001 990000672020403321 005 20001010 035 $a000067202 035 $aFED01000067202 035 $a(Aleph)000067202FED01 035 $a000067202 100 $a20001010d--------km-y0itay50------ba 101 0 $aita 105 $ay-------001yy 200 1 $a<>verde pubblico$etipologie, progetti, attuazione, normative tecniche, gestione$fSandro Bruschi, Mirella Di Giovine. - 210 $aRoma$cNIS$d(1989) 215 $a204 p.$cill.$d24 cm 225 1 $aManuali del progettista$v3 300 $aSegue: Appendici 610 0 $aSpazi verdi$aSistemazione 676 $a712.5 700 1$aBruschi,$bSandro$010565 702 1$aDi Giovine,$bMirella 801 0$aIT$bUNINA$gRICA$2UNIMARC 901 $aBK 912 $a990000672020403321 952 $a01 A1 IV 18$b01406$fDINST 959 $aDINST 996 $aVerde pubblico$976318 997 $aUNINA DB $aING01 LEADER 01313nam0 22002891i 450 001 UON00214250 005 20231205103347.316 100 $a20030730f1984 |0itac50 ba 101 $aita 102 $aIT 105 $a|||| 1|||| 200 1 $aˆIl ‰ruolo della corte di Leone X, 1514-1516$fAlessandro Ferrajoli$ga cura di Vincenzo De Caprio 210 $aRoma$cBulzoni$dc1984 215 $aXXXVIII, 603 p.$d21 cm. 410 1$1001UON00087345$12001 $aEuropa delle Corti$eCentro studi sulle società di antico regime$eBiblioteca del Cinquecento$v23 606 $aItalia$xStoria$xSec. 16.$3UONC075465$2FI 620 $aIT$dRoma$3UONL000004 676 $a945$cSTORIA D'ITALIA$v21 700 1$aFERRAJOLI$bAlessandro$3UONV129372$0170708 702 1$aDE_CAPRIO$bVincenzo$3UONV129373 712 $aBulzoni$3UONV265597$4650 801 $aIT$bSOL$c20250221$gRICA 912 $aUON00214250 950 $aSIBA - SISTEMA BIBLIOTECARIO DI ATENEO$dSI ITA II 1808 $eSI LO 41629 5 1808 950 $aSIBA - SISTEMA BIBLIOTECARIO DI ATENEO$dSI ITA II non disponibile $eSI LO 41787 5 non disponibile 996 $aRuolo della corte di Leone X, (1514-1516$91262343 997 $aUNIOR